Flexibilné biodegradovateľné polymérne zmesi z obnoviteľných zdrojov

Na minha lista:
Detalhes bibliográficos
Autor principal: Palkovičová, Laura (Author)
Outros Autores: Feranc, Jozef (Thesis advisor)
Formato: Manuscrito Livro
Idioma:eslovaco
Publicado em: 2025
Assuntos:
Acesso em linha:http://is.stuba.sk/zp/portal_zp.pl?podrobnosti=183380
Tags: Adicionar Tag
Sem tags, seja o primeiro a adicionar uma tag!

MARC

LEADER 00000ntm a22000003a 4500
001 stuzp105008
003 SK-STU
005 20250607211028.1
007 ta
008 150427s2015----xo-----f-mn---000-0-slo-d
040 |a STU  |b slo 
041 0 |a slo 
100 1 |a Palkovičová, Laura  |u 049170  |4 aut  |U FCHPT Ústav prírodných a syntetických polymérov  |T FCHPT Oddelenie spracovania polymérov (detaš.pracovisko)  |X 112285  |U C9170  |Y 688  |7 112285 
242 0 1 |a Flexible biodegradable polymer blends based on renewable sources  |y eng 
245 1 0 |a Flexibilné biodegradovateľné polymérne zmesi z obnoviteľných zdrojov 
260 |c 2025 
650 4 |a inorganic filler  |2 eng 
650 4 |a organic filler  |2 eng 
650 4 |a polyhydroxyalkanoates  |2 eng 
650 4 |a biodegradable polymer blend  |2 eng 
650 4 |a biodegradovateľná polymérna zmes  |2 slo 
650 4 |a anorganické plnivo  |2 slo 
650 4 |a organické plnivo  |2 slo 
650 4 |a polyhydroxyalkanoáty  |2 slo 
700 1 |a Feranc, Jozef  |u 049170  |k Z2  |4 ths  |U FCHPT Ústav prírodných a syntetických polymérov  |T FCHPT Oddelenie spracovania polymérov (detaš.pracovisko)  |X 10019  |U C9170  |Y 688  |7 A000010019 
856 4 |u http://is.stuba.sk/zp/portal_zp.pl?podrobnosti=183380